000 01740nam0a22003491 4500
001 v19\rc\1762519
005 20260406063629.0
035 _a(NLR Aleph) 004890869
090 _a5269685
_c5269685
100 _a20061204e19031903|||y0rusy50 ca
101 0 _arus
102 _aRU
105 _ay z |||||
200 1 _aПредварительный отчет о работах на Синае, веденных в сотрудничестве с И.А. Джаваховым, и в Иерусалиме, в поездку 1902 г. (апрель-ноябрь)
_e[Читан в заседании Вост. отд-ния Рус. археол. о-ва 27 февр. 1903 г.]
_f[Н. Марр]
210 _a[Санкт-Петербург]
_cтип. В. Киршбаума
_d[1903]
215 _a51 с.
_d23
300 _aАвт. указан в конце текста
309 _aБез тит. л. и обл.
311 _aИз "Сообщ. Прав. палест. о-ва". Т. 14, ч. 2, 1903 г.
488 0 _12001#$aСообщение Православного палестинского общества$v1903, т. 14, ч. 2
_tСообщение Православного палестинского общества
700 1 _8rus
_7ca
_aМарр
_bН.Я.
_f1865-1934
_gНиколай Яковлевич
_3RU\NLR\AUTH\7723108
_96162
702 1 _9z01790
_aДжавахишвили
_bИ.А.
_f1876-1940
_gИван Александрович
_4570
790 1 _9z01702
_aДжавахов
_bИ.А.
_f1876-1940
801 0 _aRU
_bNLR
_gpsbo
801 0 _aRU
_bRuMoRGB
_2psbo
801 1 _aRU
_bProSoft-M
_2rusmarc
852 _aNLR
_j63-7/16
899 _aБАН
899 _aНБ СПбГУ
942 _cBOOK
980 _aNB